00445 a2200133 4500001001000000005001700010008004100027245008500068100002700153700001900180700002300199773007200222999001700294ART_1181320260410161900.0260409a 10aEfficiency-inducing taxation for a monopolistically supplied depletable resource1 aBergstrom, Theodore C.1 aCross, John G.1 aPorter, Richard C.0 tJournal of public economicsg- Vol. 15, NÂș 1 (feb. 1981)wREV11485 c25859d25859